| 000 | 00793nam a2200229 i 4500 | ||
|---|---|---|---|
| 001 | 169836 | ||
| 003 | ES-MaACL | ||
| 005 | 20230906214219.0 | ||
| 007 | t| | ||
| 008 | 081204s1988 ag ||||1| spa d | ||
| 080 | _a821.134.2 Unamuno, Miguel 1.06 | ||
| 100 | 1 |
_aMolina, Gilberto. _981889 |
|
| 245 | 1 | 0 |
_aDon Miguel de Unamuno _b: excelso eskuara (ensayo sobre su poesía de la vida y su filosofía de la muerte) / _cGilberto Molina. |
| 250 | _a2ª ed. | ||
| 260 |
_aCórdoba, Argentina : _bPampa de Olaen, _c1988. |
||
| 300 |
_a47 p. ; _c20 cm. |
||
| 490 | 1 | _aEnsayos | |
| 600 | 1 | 4 |
_aUnamuno, Miguel de, _d1864-1936- _xCrítica e interpretación _9111984 |
| 830 | 1 |
_aEnsayos _9176633 |
|
| 852 | 1 |
_aBA _j2239-F-23 _z- Dedicatoria autógrafa del autor |
|
| 999 |
_c169836 _d169836 |
||